[Event "Titled Tuesday intern op 25th Mar Early"]
[Site "Chess.com INT"]
[Date "2025.03.25"]
[Round "2"]
[White "Gong, Qianyun"]
[Black "Yeletsky, Ivan"]
[Result "1-0"]
[WhiteElo "2272"]
[BlackElo "2469"]
[PlyCount "77"]
[EventDate "2025.03.25"]
[EventType "swiss (blitz)"]
[EventRounds "11"]
[EventCountry "USA"]
[SourceTitle "CB14_2025"]
[SourceDate "2024.11.01"]
[SourceVersion "1"]
[SourceVersionDate "2024.11.01"]
[SourceQuality "1"]

1. d4 d5 2. Nf3 Bf5 3. c4 e6 4. Nc3 Nf6 5. g3 Nc6 6. Bg2 h6 7. 0-0 Be7 8. cxd5 exd5 9. Ne5 0-0 10. Nxc6 bxc6 11. Na4 Qd7 12. Bf4 Bd6 13. Be5 Ng4 14. Bxd6 cxd6 15. Rc1 Rfe8 16. Re1 h5 17. e3 h4 18. gxh4 Re6 19. h3 Nf6 20. Kh2 Rae8 21. Rg1 Ne4 22. Bxe4 Rxe4 23. Qh5 Bxh3 24. Qg5 Bg4 25. Nc3 f6 26. Qg6 Bf5 27. Qxf6 R8e6 28. Nxe4 Rxe4 29. Rxc6 Kh7 30. Qg5 Bg4 31. Rcc1 Qf7 32. Rg2 Qf3 33. Kg1 Qh3 34. Rf1 g6 35. f3 Rxe3 36. fxg4 Rg3 37. Rf7+ Kh8 38. Qh6+ Kg8 39. Qg7# 1-0

[Event "Titled Tuesday intern op 25th Mar Early"]
[Site "Chess.com INT"]
[Date "2025.03.25"]
[Round "9"]
[White "Yeletsky, Ivan"]
[Black "Burmakin, Vladimir"]
[Result "1-0"]
[WhiteElo "2469"]
[BlackElo "2435"]
[PlyCount "59"]
[EventDate "2025.03.25"]
[EventType "swiss (blitz)"]
[EventRounds "11"]
[EventCountry "USA"]
[SourceTitle "CB14_2025"]
[SourceDate "2024.11.01"]
[SourceVersion "1"]
[SourceVersionDate "2024.11.01"]
[SourceQuality "1"]

1. e4 c6 2. Nf3 d5 3. d3 g6 4. exd5 cxd5 5. d4 Nf6 6. h3 Bg7 7. Bd3 Nc6 8. c3 Bf5 9. 0-0 Bxd3 10. Qxd3 Ne4 11. Bf4 0-0 12. Nbd2 f5 13. b4 a6 14. a4 Qd7 15. Nb3 b6 16. b5 axb5 17. axb5 Na5 18. Nxa5 bxa5 19. c4 dxc4 20. Qxc4+ e6 21. b6 h6 22. Rfb1 g5 23. Bc7 g4 24. hxg4 fxg4 25. Ne5 Bxe5 26. Bxe5 Nd6 27. Qd3 Rf5 28. Rc1 Ne8 29. Qe4 Ra6 30. b7 1-0

[Event "Titled Tuesday intern op 17th Sep Late"]
[Site "Chess,com INT"]
[Date "2024.09.17"]
[Round "7"]
[White "Bettalli, Francesco"]
[Black "Yeletsky, Ivan"]
[Result "0-1"]
[WhiteElo "2368"]
[BlackElo "2469"]
[PlyCount "36"]
[EventDate "2024.09.17"]
[EventType "swiss (blitz)"]
[EventRounds "11"]
[EventCountry "USA"]
[SourceTitle "EXT 2025"]
[Source "ChessBase"]
[SourceDate "2024.10.14"]
[SourceVersion "1"]
[SourceVersionDate "2024.10.14"]
[SourceQuality "1"]

1. e4 d5 2. exd5 Nf6 3. d4 Bg4 4. Nf3 Qxd5 5. Be2 Nc6 6. h3 Bxf3 7. Bxf3 Qd6 8. c3 0-0-0 9. 0-0 e5 10. Qa4 exd4 11. Bxc6 Qxc6 12. Qxa7 Bc5 13. Qa8+ Kd7 14. Qa5 Ra8 15. Qxa8 Rxa8 16. cxd4 Bxd4 17. Rd1 Ke8 18. Bf4 Bxb2 0-1

[Event "Titled Tuesday intern op 17th Sep Late"]
[Site "Chess,com INT"]
[Date "2024.09.17"]
[Round "9"]
[White "Kotyk, Michael"]
[Black "Yeletsky, Ivan"]
[Result "0-1"]
[WhiteElo "2196"]
[BlackElo "2469"]
[PlyCount "90"]
[EventDate "2024.09.17"]
[EventType "swiss (blitz)"]
[EventRounds "11"]
[EventCountry "USA"]
[SourceTitle "EXT 2025"]
[Source "ChessBase"]
[SourceDate "2024.10.14"]
[SourceVersion "1"]
[SourceVersionDate "2024.10.14"]
[SourceQuality "1"]

1. d4 d5 2. c4 dxc4 3. Nf3 e6 4. e3 b5 5. a4 c6 6. axb5 cxb5 7. b3 Bb4+ 8. Bd2 Bxd2+ 9. Nbxd2 a5 10. bxc4 b4 11. Bd3 Nf6 12. g4 Bb7 13. g5 Nfd7 14. Ne4 0-0 15. h4 f5 16. Nd6 Bc6 17. c5 Bd5 18. Rg1 Nc6 19. Nd2 e5 20. Bxf5 exd4 21. e4 Rxf5 22. Nxf5 Be6 23. Nf3 Nxc5 24. N3xd4 Nxd4 25. Qxd4 Nd3+ 26. Ke2 Nf4+ 27. Ke3 Nd5+ 28. Kf3 Qf8 29. Kg2 Nf4+ 30. Kh2 Bxf5 31. exf5 Qxf5 32. Rg3 Rf8 33. Re1 Nh5 34. Rg2 Qf4+ 35. Qxf4 Rxf4 36. Ra1 Rxh4+ 37. Kg1 b3 38. Rxa5 Rb4 39. Ra1 Nf4 40. Rh2 b2 41. Rb1 Ne2+ 42. Kf1 Nc3 43. Rxb2 Rxb2 44. Rh3 Ne4 45. Rf3 Nd2+ 0-1

[Event "Titled Tuesday intern op 17th Sep Late"]
[Site "Chess,com INT"]
[Date "2024.09.17"]
[Round "5"]
[White "Yeletsky, Ivan"]
[Black "Bortnyk, Olexandr"]
[Result "0-1"]
[WhiteElo "2469"]
[BlackElo "2608"]
[PlyCount "122"]
[EventDate "2024.09.17"]
[EventType "swiss (blitz)"]
[EventRounds "11"]
[EventCountry "USA"]
[SourceTitle "EXT 2025"]
[Source "ChessBase"]
[SourceDate "2024.10.14"]
[SourceVersion "1"]
[SourceVersionDate "2024.10.14"]
[SourceQuality "1"]

1. e4 Nf6 2. e5 Nd5 3. d4 d6 4. c4 Nb6 5. Nf3 g6 6. exd6 cxd6 7. h3 Bg7 8. Nc3 Nc6 9. Bg5 0-0 10. Qd2 Re8 11. d5 Ne5 12. Nxe5 Bxe5 13. Be2 Qc7 14. Rc1 Bd7 15. b3 a5 16. a4 Bc8 17. Nb5 Qb8 18. c5 dxc5 19. Rxc5 Bf5 20. 0-0 Nd7 21. Rcc1 Nf6 22. Rfd1 Ne4 23. Qe3 Bh2+ 24. Kf1 Nxg5 25. Qxg5 Bf4 26. Qh4 Bxc1 27. Rxc1 Qe5 28. Bc4 Rac8 29. Re1 Qh2 30. Rxe7 Qh1+ 31. Ke2 Bg4+ 32. Qxg4 Rxe7+ 33. Kf3 Qd1+ 34. Kg3 Qxg4+ 35. hxg4 Rc5 36. g5 Kf8 37. Kf4 Re1 38. Nd6 b6 39. Ne4 Rc8 40. f3 Kg7 41. d6 Rd1 42. Ke5 Re8+ 43. Kf4 Rxe4+ 44. Kxe4 Rxd6 45. Bd5 f6 46. gxf6+ Kxf6 47. f4 h6 48. g3 g5 49. fxg5+ hxg5 50. g4 Rd8 51. Bc4 Rd1 52. Bd5 Rf1 53. Bc4 Rf4+ 54. Kd5 Rxg4 55. Kc6 Rxc4+ 56. bxc4 g4 57. Kxb6 g3 58. c5 g2 59. c6 g1Q+ 60. Kb7 Qb1+ 61. Ka8 Qe4 0-1

[Event "Titled Tuesday intern op 03rd Sep Early"]
[Site "Chess.com INT"]
[Date "2024.09.03"]
[Round "5"]
[White "Andreikin, Dmitry"]
[Black "Yeletsky, Ivan"]
[Result "1-0"]
[WhiteElo "2729"]
[BlackElo "2469"]
[PlyCount "91"]
[EventDate "2024.09.03"]
[EventType "swiss (blitz)"]
[EventRounds "11"]
[EventCountry "USA"]
[SourceTitle "EXT 2025"]
[Source "ChessBase"]
[SourceDate "2024.10.14"]
[SourceVersion "1"]
[SourceVersionDate "2024.10.14"]
[SourceQuality "1"]

1. d4 Nf6 2. c4 c6 3. Bf4 Qb6 4. Qd2 Ne4 5. Qc2 d6 6. e3 Nf6 7. Nc3 g6 8. h3 Bf5 9. Bd3 Bxd3 10. Qxd3 Bg7 11. Nf3 0-0 12. 0-0 Nbd7 13. Rab1 a5 14. e4 Qa6 15. Rfd1 Rfe8 16. e5 dxe5 17. dxe5 Nc5 18. Qe3 Nfd7 19. e6 fxe6 20. Rxd7 Nxd7 21. Qxe6+ Kh8 22. Qxd7 Qxc4 23. Be5 b5 24. Re1 b4 25. Ne4 Qd5 26. Qc7 Bxe5 27. Qxe5+ Qxe5 28. Nxe5 Rac8 29. b3 c5 30. Nc4 a4 31. bxa4 Red8 32. a5 Rd4 33. Ned2 Rcd8 34. Rxe7 Rxd2 35. Nxd2 Rxd2 36. a6 Rxa2 37. a7 b3 38. Re8+ Kg7 39. a8Q Rxa8 40. Rxa8 c4 41. Rb8 Kf6 42. Kf1 Ke5 43. Ke2 Kd4 44. Kd2 c3+ 45. Kc1 Kc4 46. f4 1-0

[Event "Titled Tuesday intern op 03rd Sep Late"]
[Site "Chess.com INT"]
[Date "2024.09.03"]
[Round "5"]
[White "Bettalli, Francesco"]
[Black "Yeletsky, Ivan"]
[Result "1/2-1/2"]
[WhiteElo "2368"]
[BlackElo "2469"]
[PlyCount "166"]
[EventDate "2024.09.03"]
[EventType "swiss (blitz)"]
[EventRounds "11"]
[EventCountry "USA"]
[SourceTitle "EXT 2025"]
[Source "ChessBase"]
[SourceDate "2024.10.14"]
[SourceVersion "1"]
[SourceVersionDate "2024.10.14"]
[SourceQuality "1"]

1. Nf3 Nf6 2. b3 d6 3. Bb2 e5 4. e3 c5 5. d4 cxd4 6. exd4 e4 7. Nfd2 d5 8. c4 Nc6 9. Be2 Bd6 10. Nf1 Bb4+ 11. Nc3 dxc4 12. Bxc4 Bg4 13. Qd2 0-0 14. a3 e3 15. Nxe3 Ne4 16. Qd3 Bxc3+ 17. Bxc3 Nxc3 18. Qxc3 Nxd4 19. Nxg4 Re8+ 20. Ne3 b5 21. Bd3 Qf6 22. Rc1 Rad8 23. 0-0 Qg5 24. Kh1 g6 25. a4 a6 26. axb5 axb5 27. Qc7 Nxb3 28. Rcd1 Nd4 29. Qg3 Qc5 30. Ng4 Re6 31. Bb1 h5 32. Ne3 Rde8 33. h4 b4 34. Rc1 Qf8 35. Rc4 Ne2 36. Qf3 Nc3 37. Rxb4 Qxb4 38. Bd3 Qxh4+ 39. Kg1 Qd4 40. Bc2 Rxe3 41. fxe3 Qxe3+ 42. Qxe3 Rxe3 43. Ra1 Re2 44. Bd3 Rd2 45. Bc4 Rd7 46. Ra6 Kg7 47. Kh2 Ne4 48. Rc6 Nf6 49. Be2 Re7 50. Bf3 g5 51. Ra6 Kg6 52. Bd1 Rc7 53. Bb3 h4 54. Ba2 Rb7 55. Bd5 Rb4 56. Ba2 g4 57. Ra7 Rb2 58. Bxf7+ Kh6 59. Ra2 Rb7 60. Be6 Re7 61. Bc8 Re3 62. Ra6 Kg5 63. Ra5+ Kg6 64. Ra6 Kg7 65. Ra7+ Kf8 66. Ra6 Ke7 67. Ra4 Rg3 68. Ra7+ Kd6 69. Ra6+ Ke7 70. Ra7+ Ke8 71. Ra6 Kf7 72. Ra7+ Kg6 73. Ra6 Kg7 74. Ra7+ Kh6 75. Ra6 Kg5 76. Ra5+ Kg6 77. Ra6 Re3 78. Bxg4 Kg5 79. Bf3 Rc3 80. Ra5+ Kg6 81. Ra6 Kg5 82. Ra5+ Kg6 83. Ra6 Kg5 1/2-1/2

[Event "Titled Tuesday intern op 03rd Sep Early"]
[Site "Chess.com INT"]
[Date "2024.09.03"]
[Round "9"]
[White "Weishaeutel, Moritz"]
[Black "Yeletsky, Ivan"]
[Result "1/2-1/2"]
[WhiteElo "2401"]
[BlackElo "2469"]
[PlyCount "57"]
[EventDate "2024.09.03"]
[EventType "swiss (blitz)"]
[EventRounds "11"]
[EventCountry "USA"]
[SourceTitle "EXT 2025"]
[Source "ChessBase"]
[SourceDate "2024.10.14"]
[SourceVersion "1"]
[SourceVersionDate "2024.10.14"]
[SourceQuality "1"]

1. e4 e5 2. d4 exd4 3. Qxd4 Nc6 4. Qe3 g6 5. Nc3 Bh6 6. Qg3 Bxc1 7. Rxc1 Nf6 8. Nf3 0-0 9. Bd3 d5 10. 0-0 Nh5 11. Qg5 Qxg5 12. Nxg5 dxe4 13. Ngxe4 Ne5 14. Be2 Nf4 15. Rfe1 Nxe2+ 16. Rxe2 Kg7 17. Nd5 c6 18. Nc7 Bg4 19. f3 Rac8 20. Nd6 Rxc7 21. Rxe5 Be6 22. Rd1 Kf6 23. Re2 b6 24. Ne4+ Kg7 25. Rd6 Bd5 26. Nf6 Be6 27. Ne4 Bd5 28. Nf6 Be6 29. Ne4 1/2-1/2

[Event "Titled Tuesday intern op 03rd Sep Late"]
[Site "Chess.com INT"]
[Date "2024.09.03"]
[Round "6"]
[White "Yeletsky, Ivan"]
[Black "Ersoz, Teoman Guney"]
[Result "0-1"]
[WhiteElo "2469"]
[BlackElo "1976"]
[PlyCount "136"]
[EventDate "2024.09.03"]
[EventType "swiss (blitz)"]
[EventRounds "11"]
[EventCountry "USA"]
[SourceTitle "EXT 2025"]
[Source "ChessBase"]
[SourceDate "2024.10.14"]
[SourceVersion "1"]
[SourceVersionDate "2024.10.14"]
[SourceQuality "1"]

1. b3 Nf6 2. Bb2 g6 3. Bxf6 exf6 4. c4 d5 5. cxd5 Qxd5 6. Nc3 Qa5 7. a3 Bg7 8. b4 Qe5 9. Nf3 Qe7 10. Rc1 c6 11. e3 f5 12. Bc4 Nd7 13. 0-0 Ne5 14. Nxe5 Bxe5 15. d4 Bc7 16. Re1 0-0 17. g3 Be6 18. Bxe6 fxe6 19. Qb3 Kg7 20. b5 Bd6 21. bxc6 bxc6 22. Ne2 Rfc8 23. Nf4 e5 24. Ne6+ Kf6 25. dxe5+ Bxe5 26. Nc5 Rab8 27. Qc4 Bd6 28. Qd4+ Kf7 29. Red1 Bxc5 30. Rxc5 Rd8 31. Qc4+ Qe6 32. Qxe6+ Kxe6 33. Rxc6+ Ke5 34. Rxd8 Rxd8 35. Rc7 Ke4 36. Kg2 a5 37. Rxh7 Rd3 38. Rh4+ Ke5 39. Ra4 Rd5 40. h4 Kf6 41. Kf3 g5 42. hxg5+ Kxg5 43. g4 Rb5 44. gxf5 Kxf5 45. Rh4 Kg5 46. Rg4+ Kf5 47. Rf4+ Kg5 48. Rd4 Kf5 49. a4 Rc5 50. e4+ Ke5 51. Ke3 Rc3+ 52. Rd3 Rc4 53. Rd5+ Ke6 54. Rxa5 Rc3+ 55. Kf4 Ra3 56. Ra6+ Ke7 57. f3 Kf7 58. e5 Ke7 59. Ke4 Kf7 60. f4 Rxa4+ 61. Kf5 Rxa6 62. Ke4 Ke6 63. f5+ Ke7 64. Kf4 Ra4+ 65. Kf3 Kf7 66. Ke3 Kg7 67. Kf3 Kh6 68. e6 Kg7 0-1

[Event "Titled Tuesday intern op 27th Aug Early"]
[Site "Chess.com INT"]
[Date "2024.08.27"]
[Round "2"]
[White "Hald Falkesgaard, Jeppe"]
[Black "Yeletsky, Ivan"]
[Result "0-1"]
[WhiteElo "2276"]
[BlackElo "2469"]
[PlyCount "140"]
[EventDate "2024.08.27"]
[EventType "swiss (blitz)"]
[EventRounds "11"]
[EventCountry "USA"]
[SourceTitle "EXT 2025"]
[Source "ChessBase"]
[SourceDate "2024.10.14"]
[SourceVersion "1"]
[SourceVersionDate "2024.10.14"]
[SourceQuality "1"]

1. e4 c6 2. d4 d5 3. f3 e6 4. Nc3 Qb6 5. a3 Nd7 6. Be3 Be7 7. Bd3 Ne5 8. Na4 Qa5+ 9. Bd2 Nxd3+ 10. cxd3 Qa6 11. Bb4 b6 12. Ne2 Bd7 13. Bxe7 Nxe7 14. 0-0 0-0 15. b4 c5 16. Nac3 cxd4 17. Nxd4 Rac8 18. Qd2 Rc7 19. a4 Rfc8 20. Ncb5 Bxb5 21. axb5 Qb7 22. Rfc1 h6 23. h3 e5 24. Nc6 Nxc6 25. bxc6 Rxc6 26. Rxc6 Rxc6 27. exd5 Rd6 28. Qa2 Rxd5 29. Qxa7 Qxa7 30. Rxa7 Rd4 31. Rb7 Rxb4 32. Kf2 Rb2+ 33. Ke3 Rxg2 34. Rxb6 Rh2 35. Ke4 f6 36. Kf5 Rxh3 37. Kg6 Rg3+ 38. Kf5 Rxf3+ 39. Kg6 Rg3+ 40. Kf5 Kh7 41. Rb7 Rg5+ 42. Ke4 h5 43. Ke3 Rg4 44. Kf2 Kg6 45. Rc7 Rd4 46. Rc3 h4 47. Ke3 Kf5 48. Rc1 g5 49. Rg1 Kg6 50. Ke2 h3 51. Rh1 Rh4 52. Kf2 f5 53. Kg3 Rd4 54. Kxh3 Rh4+ 55. Kg2 Rxh1 56. Kxh1 Kf6 57. Kg2 Ke6 58. Kf3 Kd5 59. Ke3 g4 60. Ke2 Kd4 61. Kd2 f4 62. Ke2 g3 63. Kd2 f3 64. Ke1 g2 65. Kf2 Kxd3 66. Kg1 Ke2 67. Kh2 Kf2 68. Kh3 g1Q 69. Kh4 Qg6 70. Kh3 Qg3# 0-1

[Event "Titled Tuesday intern op 27th Aug Late"]
[Site "Chess.com INT"]
[Date "2024.08.27"]
[Round "9"]
[White "Wu, Derek"]
[Black "Yeletsky, Ivan"]
[Result "0-1"]
[WhiteElo "2278"]
[BlackElo "2469"]
[PlyCount "176"]
[EventDate "2024.08.27"]
[EventType "swiss (blitz)"]
[EventRounds "11"]
[EventCountry "USA"]
[SourceTitle "EXT 2025"]
[Source "ChessBase"]
[SourceDate "2024.10.14"]
[SourceVersion "1"]
[SourceVersionDate "2024.10.14"]
[SourceQuality "1"]

1. d4 d5 2. c4 dxc4 3. Nf3 Nf6 4. e3 c5 5. Bxc4 e6 6. 0-0 a6 7. b3 cxd4 8. Qxd4 Qxd4 9. Nxd4 Bd7 10. Bb2 Nc6 11. Nd2 Be7 12. Rfd1 0-0 13. N2f3 Rfc8 14. Rac1 Nxd4 15. Nxd4 Kf8 16. Be2 Rxc1 17. Rxc1 Rc8 18. Rxc8+ Bxc8 19. Bf3 e5 20. Nc2 Bd6 21. g3 Ke7 22. Kf1 Bf5 23. Ne1 b6 24. Be2 a5 25. Bc4 Bb1 26. a4 Ne4 27. Ke2 Nc5 28. Nf3 f6 29. Nd2 Bc2 30. f4 e4 31. Bd4 h5 32. h3 g5 33. Bd5 Bd3+ 34. Kf2 gxf4 35. gxf4 f5 36. Kg3 Be2 37. Bc4 Bxc4 38. Nxc4 Nxb3 39. Bxb6 Bb4 40. Kh4 Ke6 41. Kxh5 Kd5 42. Ne5 Nc5 43. Kg6 Nxa4 44. Bd8 Nc5 45. Bxa5 Bxa5 46. h4 Bd2 47. h5 Bxe3 48. h6 Bxf4 49. Nf7 Bxh6 50. Kxf5 Bd2 51. Kg4 e3 52. Kf3 Kd4 53. Ke2 Nd3 54. Nd6 Nc1+ 55. Kd1 Na2 56. Nf5+ Kd3 57. Nxe3 Bxe3 58. Ke1 Nc3 59. Kf1 Ne2 60. Kg2 Ke4 61. Kf1 Kf3 62. Ke1 Nd4 63. Kf1 Bf4 64. Kg1 Nb3 65. Kh1 Bg3 66. Kg1 Nd4 67. Kh1 Ne6 68. Kg1 Nf4 69. Kh1 Nd3 70. Kg1 Nf2 71. Kf1 Bh2 72. Ke1 Ne4 73. Kd1 Ke3 74. Kc2 Nd2 75. Kc3 Bd6 76. Kc2 Be5 77. Kd1 Kd3 78. Ke1 Bg3+ 79. Kd1 Nc4 80. Kc1 Bh4 81. Kd1 Nb2+ 82. Kc1 Kc3 83. Kb1 Kb3 84. Kc1 Bg5+ 85. Kb1 Nc4 86. Ka1 Bd2 87. Kb1 Na3+ 88. Ka1 Bc3# 0-1

[Event "St Petersburg Blitz GP"]
[Site "St Petersburg"]
[Date "2024.08.23"]
[Round "7"]
[White "Yeletsky, Ivan"]
[Black "Zubritskiy, Artyom"]
[Result "1-0"]
[WhiteElo "2469"]
[BlackElo "2453"]
[PlyCount "99"]
[EventDate "2024.08.23"]
[EventType "swiss (blitz)"]
[EventRounds "11"]
[EventCountry "RUS"]
[SourceTitle "EXT 2025"]
[Source "ChessBase"]
[SourceDate "2024.10.14"]
[SourceVersion "1"]
[SourceVersionDate "2024.10.14"]
[SourceQuality "1"]

1. e4 c5 2. Nf3 d6 3. d4 cxd4 4. Nxd4 Nf6 5. Nc3 a6 6. Be3 e6 7. Be2 Qc7 8. Qd2 b5 9. a3 Bb7 10. f3 Nbd7 11. g4 Nb6 12. 0-0-0 Nfd7 13. Ndxb5 axb5 14. Nxb5 Qc6 15. Nxd6+ Bxd6 16. Qxd6 Rc8 17. Qxc6 Bxc6 18. b3 Ke7 19. Rd2 h5 20. g5 Rc7 21. a4 Ra8 22. Rhd1 Nc8 23. h4 g6 24. Bd4 Ke8 25. Bb2 Ncb6 26. Bd4 Nc8 27. Kb2 Rb7 28. Ka3 Ncb6 29. Bxb6 Nxb6 30. Rd4 Nd7 31. R1d2 Rab8 32. Rc4 Rb6 33. Rc3 Bb7 34. a5 Rc6 35. Rxc6 Bxc6 36. b4 f5 37. gxf6 Nxf6 38. c4 g5 39. hxg5 Nd7 40. b5 Ba8 41. Kb4 h4 42. Rd1 Ke7 43. c5 Ne5 44. a6 h3 45. Rh1 Rh8 46. Ka5 Ng6 47. b6 Nf4 48. Bf1 Kd7 49. Bb5+ Kc8 50. c6 1-0

[Event "Titled Tuesday intern op 06th Aug Early"]
[Site "Chess.com INT"]
[Date "2024.08.06"]
[Round "1"]
[White "Taboas Rodriguez, Daniel"]
[Black "Yeletsky, Ivan"]
[Result "1-0"]
[WhiteElo "2330"]
[BlackElo "2469"]
[PlyCount "95"]
[EventDate "2024.08.06"]
[EventType "swiss (blitz)"]
[EventRounds "11"]
[EventCountry "USA"]
[SourceTitle "EXT 2025"]
[Source "ChessBase"]
[SourceDate "2024.10.14"]
[SourceVersion "1"]
[SourceVersionDate "2024.10.14"]
[SourceQuality "1"]

1. d4 Nf6 2. Nf3 d5 3. c4 e6 4. Nc3 Be7 5. Bg5 0-0 6. e3 Nbd7 7. Rc1 h6 8. Bh4 c5 9. cxd5 Nxd5 10. Bxe7 Nxe7 11. dxc5 Nxc5 12. Qxd8 Rxd8 13. b4 Na6 14. a3 Bd7 15. Bd3 Nc7 16. Ke2 a5 17. b5 Ned5 18. a4 Nxc3+ 19. Rxc3 Nd5 20. Rc5 Nb6 21. Ra1 Rac8 22. Rxc8 Rxc8 23. Kd2 f6 24. Nd4 Nc4+ 25. Bxc4 Rxc4 26. Rc1 Rxa4 27. Rc7 Be8 28. Nxe6 Bf7 29. Nd8 Bd5 30. f3 Ra2+ 31. Kd3 Rxg2 32. e4 Bb3 33. Nxb7 a4 34. Nc5 Bd1 35. b6 Rb2 36. b7 Bxf3 37. Rc8+ Kf7 38. b8Q Rxb8 39. Rxb8 Bd1 40. Ra8 f5 41. exf5 Kf6 42. Nxa4 Kxf5 43. Ke3 g5 44. Nc5 Kg6 45. Ra6+ Kh5 46. Rd6 Bc2 47. Ne4 g4 48. Kf4 1-0

[Event "Moscow op-A 20th"]
[Site "Moscow"]
[Date "2024.07.17"]
[Round "2"]
[White "Yeletsky, Ivan"]
[Black "Mochalov, Dmitriy"]
[Result "1/2-1/2"]
[WhiteElo "2486"]
[BlackElo "2098"]
[PlyCount "101"]
[EventDate "2024.07.16"]
[EventType "swiss"]
[EventRounds "9"]
[EventCountry "RUS"]
[SourceTitle "CBM 221 Extra"]
[Source "ChessBase"]
[SourceDate "2024.09.30"]
[SourceVersion "1"]
[SourceVersionDate "2024.09.30"]
[SourceQuality "1"]

1. d4 Nf6 2. c4 e6 3. Nc3 Bb4 4. e3 c5 5. Nge2 cxd4 6. exd4 d5 7. a3 Be7 8. Nf4 dxc4 9. Bxc4 0-0 10. 0-0 Nbd7 11. Ba2 Nb6 12. Qd3 Bd7 13. Re1 Rc8 14. Bd2 Kh8 15. Bb3 Bc6 16. Bc2 Nbd5 17. Rad1 Qd7 18. Nfxd5 Bxd5 19. Qh3 Qd6 20. Re5 g6 21. Bg5 Qd8 22. Rde1 Ng8 23. Bf4 Bd6 24. R1e3 Kg7 25. Rg3 Bxe5 26. Bxe5+ f6 27. Qh5 Qe8 28. Bd6 Qf7 29. Bxf8+ Rxf8 30. Qh4 Rd8 31. Qf4 Ne7 32. h4 Kf8 33. Qh6+ Qg7 34. Qe3 Qf7 35. Qh6+ Qg7 36. Qf4 Qf7 37. Re3 Nc6 38. Ba4 Kg7 39. Bxc6 Bxc6 40. Qg4 h5 41. Qf4 Qd7 42. Qg3 Qd6 43. Qxd6 Rxd6 44. Rd3 Kf7 45. f4 Bd5 46. Kf2 Rb6 47. Na4 Rc6 48. Nc3 Rb6 49. Na4 Rc6 50. Nc3 Rb6 51. Na4 1/2-1/2